| 000 | 00693cab a2200241 4500 | ||
|---|---|---|---|
| 001 | ABS52302 | ||
| 008 | 090401t1995 xxu||||| |||| 00| 0 eng d | ||
| 035 | _a(Sirsi) u71916 | ||
| 041 | _aeng | ||
| 100 | _aBrymer, S. | ||
| 245 | _aRent-free periods and rent review - the case so far | ||
| 260 | _c1995 | ||
| 350 | _a0 | ||
| 490 |
_aProperty Law _v(13) February 1995, 10-11(2) |
||
| 520 | _a Describes what rent-free periods are, and how they should be handled at rent review. | ||
| 650 | _aCOMMERCIAL LEASES | ||
| 650 | _aDISREGARDS | ||
| 650 | _aRENT REVIEWS | ||
| 650 | _aRENT-FREE PERIODS | ||
| 690 | _aLANDLORD AND TENANT-RENT REVIEWS | ||
| 942 | _n0 | ||
| 948 | _c04/03/1997 | ||
| 999 |
_c45360 _d45360 |
||